|
|
|
|
| LEADER |
01167nam a2200349 4500 |
| 001 |
000008140 |
| 003 |
4324 |
| 005 |
20211224084314.0 |
| 008 |
111014s2002 viesd |
| 020 |
|
|
|c 11000đ
|
| 041 |
0 |
|
|a vie
|
| 082 |
|
|
|a 537.6226
|b SH-A
|
| 100 |
0 |
|
|a A. Ya. Shik
|e Tác giả
|
| 245 |
|
0 |
|a Hố lượng tử - Vật lý và điện tử học các hệ hai chiều /
|c A. Ya. Shik (tác giả); Lê Tuấn (Dịch).
|
| 260 |
|
|
|a H. :
|b Khoa học và Kỹ thuật,
|c 2002.
|
| 300 |
|
|
|a 128 tr. ;
|c 21 cm.
|
| 653 |
|
|
|a Lượng tử
|
| 653 |
|
|
|a Vật lý
|
| 653 |
|
|
|a Điện tử học
|
| 653 |
|
|
|a các hệ hai chiều
|
| 700 |
|
|
|a Lê Tuấn
|e Dịch
|
| 910 |
|
|
|a duyên
|
| OWN |
|
|
|a LSP
|
| AVA |
|
|
|a UDN50
|b LSP
|d 537.6226 SH-A
|e available
|t Error 5001 Not defined in file expand_doc_bib_avail.
|f 5
|g 0
|h N
|i 0
|k 1
|
| 999 |
|
|
|a From the UDN01
|
| AVA |
|
|
|a UDN50
|b LSP
|d 537.6226 SH-A
|e available
|t Error 5001 Not defined in file expand_doc_bib_avail.
|f 5
|g 0
|h N
|i 0
|k 1
|
| TYP |
|
|
|a Monograph
|
| TYP |
|
|
|a Printed language
|
| 980 |
|
|
|a Mạng thư viện Đại học Đà Nẵng
|